<?xml version="1.0" encoding="UTF-8"?>
<record
    xmlns:xsi="http://www.w3.org/2001/XMLSchema-instance"
    xsi:schemaLocation="http://www.loc.gov/MARC21/slim http://www.loc.gov/standards/marcxml/schema/MARC21slim.xsd"
    xmlns="http://www.loc.gov/MARC21/slim">

  <leader>01858nas a2200277Ia 4500</leader>
  <controlfield tag="001">R370-R7865</controlfield>
  <controlfield tag="003">IT-CnALBA</controlfield>
  <controlfield tag="008">170116c99999999xx ||||||||||||   ||und||</controlfield>
  <datafield tag="040" ind1=" " ind2=" ">
    <subfield code="a">IT-CnALBA</subfield>
    <subfield code="c">IT-CnALBA</subfield>
  </datafield>
  <datafield tag="041" ind1=" " ind2=" ">
    <subfield code="a">ITALIANO</subfield>
  </datafield>
  <datafield tag="100" ind1=" " ind2=" ">
    <subfield code="a">MISIANO MARIA</subfield>
  </datafield>
  <datafield tag="210" ind1=" " ind2=" ">
    <subfield code="a">RIVISTA DI SCIENZE DELL'EDUCAZIONE</subfield>
  </datafield>
  <datafield tag="222" ind1=" " ind2=" ">
    <subfield code="a">RIVISTA DI SCIENZE DELL'EDUCAZIONE</subfield>
  </datafield>
  <datafield tag="245" ind1=" " ind2="0">
    <subfield code="a">RIVISTA DI SCIENZE DELL'EDUCAZIONE. GENNAIO-APRILE 1995. </subfield>
  </datafield>
  <datafield tag="250" ind1=" " ind2=" ">
    <subfield code="a">1a ed.</subfield>
  </datafield>
  <datafield tag="260" ind1=" " ind2=" ">
    <subfield code="a"> ROMA</subfield>
    <subfield code="b">LAS - LIBRERIA ATENEO SALESIANO </subfield>
    <subfield code="c">1995 [1&#xB0; Ed.:1995 - Ed.Ling.Originale: 1995]</subfield>
  </datafield>
  <datafield tag="300" ind1=" " ind2=" ">
    <subfield code="a">162 p. </subfield>
  </datafield>
  <datafield tag="310" ind1=" " ind2=" ">
    <subfield code="a">QUADRIMESTRALE</subfield>
  </datafield>
  <datafield tag="362" ind1=" " ind2=" ">
    <subfield code="a">Fascicolo: 1 / Anno: 33 (1995)</subfield>
  </datafield>
  <datafield tag="500" ind1=" " ind2=" ">
    <subfield code="a">DONNA E PACE BINOMIO INSCINDIBILE. DONNA EDUCATRICE ALLA PACE. CIPRIANI M. R. STICKLER G. OHOLEGUY M. I. MANELLO M. P. FARINA M. GREGORIO M. CANONICO M. P. MARCHI M. PRESENTAZIONE. DONNA ARTEFICE DI PACE NELLA FAMIGLIA. EDUCATRICE ALLA PACE. PRESENZA ATTIVA DEI GENITORI NEI PRIMI ANNI DI VITA DEL BAMBINO. AIUTO E VITTORIA SULLE PAURE. DONNE E AIUTO VICENDEVOLE. MARIA MODELLO DI PACE. EDITH STEIN, TESTIMONE MESSAGGERA DI PACE. LETTURA PEDAGOGICA MESSAGGIO PER LA GIORNATA DELLA PACE. 1995. </subfield>
  </datafield>
  <datafield tag="501" ind1=" " ind2=" ">
    <subfield code="a">Societ&#xE0; San Paolo EM - Piazza San Paolo, 14 - 12051 ALBA (CN)  (non commercial uses only) &#xAE; Copyright 2017</subfield>
  </datafield>
  <datafield tag="520" ind1=" " ind2=" ">
    <subfield code="a">DONNA E PACE BINOMIO INSCINDIBILE. DONNA EDUCATRICE ALLA PACE. CIPRIANI M. R. STICKLER G. OHOLEGUY M. I. MANELLO M. P. FARINA M. GREGORIO M. CANONICO M. P. MARCHI M. PRESENTAZIONE. DONNA ARTEFICE DI PACE NELLA FAMIGLIA. EDUCATRICE ALLA PACE. PRESENZA ATTIVA DEI GENITORI NEI PRIMI ANNI DI VITA DEL BAMBINO. AIUTO E VITTORIA SULLE PAURE. DONNE E AIUTO VICENDEVOLE. MARIA MODELLO DI PACE. EDITH STEIN, TESTIMONE MESSAGGERA DI PACE. LETTURA PEDAGOGICA MESSAGGIO PER LA GIORNATA DELLA PACE. 1995. </subfield>
  </datafield>
  <datafield tag="650" ind1=" " ind2=" ">
    <subfield code="a">EDUCAZIONE</subfield>
  </datafield>
  <datafield tag="942" ind1=" " ind2=" ">
    <subfield code="c">CR</subfield>
  </datafield>
  <datafield tag="957" ind1=" " ind2=" ">
    <subfield code="7">1</subfield>
  </datafield>
  <datafield tag="999" ind1=" " ind2=" ">
    <subfield code="a">59432</subfield>
    <subfield code="b">NO</subfield>
    <subfield code="g">1</subfield>
    <subfield code="c">326459</subfield>
    <subfield code="d">326459</subfield>
  </datafield>
  <datafield tag="952" ind1=" " ind2=" ">
    <subfield code="0">0</subfield>
    <subfield code="1">0</subfield>
    <subfield code="4">0</subfield>
    <subfield code="6">R_370R7865</subfield>
    <subfield code="7">1</subfield>
    <subfield code="a">ALBA</subfield>
    <subfield code="b">ALBA</subfield>
    <subfield code="d">2017-01-16</subfield>
    <subfield code="l">0</subfield>
    <subfield code="o">R370-R7865</subfield>
    <subfield code="r">2017-01-16 00:00:00</subfield>
    <subfield code="w">2017-01-16</subfield>
    <subfield code="y">CR</subfield>
    <subfield code="z">(data import: 16 gennaio 2017) - By Epidotti, Vaglietti. </subfield>
  </datafield>
</record>
